000 00711cam a2200229 a 4500
001 000009395
005 20200929161559.0
008 951204s1995 ck 000 j spa
020 _a9586122093
035 _a(DLC) 95229687
040 _aDO-SdBNP
_cDLC
_dDLC
082 _aC863.44
_bA282v
100 1 _aAgudelo Duque, Adalberto,
_d1943-
_924179
245 1 0 _aVariaciones /
_cAdalberto Agudelo Duque.
260 _aSantafé de Bogotá, (Colombia) :
_bColcultura,
_c1995.
300 _a93 p. ;
_c21 cm.
586 _aPremios Nacionales de Cultura, 1994
650 4 _aCuentos colombianos
_921475
650 4 _aLiteratura colombiana
_ySIGLO XX
_914409
910 _aCatalogación por copia / LC
049 _aBNGR
999 _c9155
_d9155